Islam / (Record no. 20212)

MARC details
000 -LEADER
fixed length control field 00733cam a22002771 4500
001 - CONTROL NUMBER
control field 7515480
003 - CONTROL NUMBER IDENTIFIER
control field BDDh-ASL
005 - DATE AND TIME OF LATEST TRANSACTION
control field 20231015025847.0
008 - FIXED-LENGTH DATA ELEMENTS--GENERAL INFORMATION
fixed length control field 720810t19631956enk b 001 0 eng
010 ## - LIBRARY OF CONGRESS CONTROL NUMBER
LC control number 64006009
015 ## - NATIONAL BIBLIOGRAPHY NUMBER
National bibliography number GB63-18164
035 ## - SYSTEM CONTROL NUMBER
System control number (OCoLC)377976
040 ## - CATALOGING SOURCE
Original cataloging agency DLC
Transcribing agency ODaWU
Modifying agency OCoLC
-- BDDh-ASL
-- Uk
-- DLC
042 ## - AUTHENTICATION CODE
Authentication code premarc
050 00 - LIBRARY OF CONGRESS CALL NUMBER
Classification number BP161
Item number .G87 1963
082 ## - DEWEY DECIMAL CLASSIFICATION NUMBER
Classification number 297
Item number GUI
100 1# - MAIN ENTRY--PERSONAL NAME
Personal name Guillaume, Alfred,
Dates associated with a name 1888-
245 10 - TITLE STATEMENT
Title Islam /
260 ## - PUBLICATION, DISTRIBUTION, ETC.
Place of publication, distribution, etc. London:
Name of publisher, distributor, etc. Cassell,
Date of publication, distribution, etc. [1963, c1956]
300 ## - PHYSICAL DESCRIPTION
Extent 209 p.
Dimensions 22 cm.
490 0# - SERIES STATEMENT
Series statement The Belle sauvage library
504 ## - BIBLIOGRAPHY, ETC. NOTE
Bibliography, etc. note Bibliography: p. 203-206.
650 #0 - SUBJECT ADDED ENTRY--TOPICAL TERM
Topical term or geographic name entry element Islam.
906 ## - LOCAL DATA ELEMENT F, LDF (RLIN)
a 7
b cbc
c oclcrpl
d u
e ncip
f 19
g y-gencatlg
942 ## - ADDED ENTRY ELEMENTS (KOHA)
Source of classification or shelving scheme Dewey Decimal Classification
Koha item type Books
Holdings
Withdrawn status Lost status Source of classification or shelving scheme Damaged status Not for loan Collection code Home library Current library Shelving location Date acquired Source of acquisition Total Checkouts Full call number Barcode Date last seen Copy number Price effective from Koha item type
    Dewey Decimal Classification     Non-fiction Asiatic Society Library Asiatic Society Library General Stacks 12/27/2020 ASB Collection   297 GUI 103621 12/27/2020 C-1 12/27/2020 Books

Powered by Koha